| 000 | 00366nam a22001337a 4500 | ||
|---|---|---|---|
| 005 | 20250901165203.0 | ||
| 008 | 210215b ||||| |||| 00| 0 eng d | ||
| 020 | _a0471630985 | ||
| 050 | _aHF5635 K54 1989 | ||
| 245 |
_aINTERMEDIATE ACCOUNTING _cKIESO, DONALD E. |
||
| 250 | _a6TH ED. | ||
| 260 |
_aNEW YORK _bWILEY _c1989 |
||
| 942 |
_2lcc _hHF5635 K54 1989 |
||
| 999 |
_c25 _d25 |
||